Toward a world of economic stability : Optimal monetary framework and policy
Đã lưu trong:
| Tác giả chính: | |
|---|---|
| Định dạng: | Sách |
| Ngôn ngữ: | Undetermined |
| Được phát hành: |
Tokyo
University of Tokyo Press
1987
|
| Những chủ đề: | |
| Các nhãn: |
Thêm thẻ
Không có thẻ, Là người đầu tiên thẻ bản ghi này!
|
| Thư viện lưu trữ: | Trung tâm Học liệu Trường Đại học Cần Thơ |
|---|
| LEADER | 00567nam a2200193Ia 4500 | ||
|---|---|---|---|
| 001 | CTU_82281 | ||
| 008 | 210402s9999 xx 000 0 und d | ||
| 082 | |a 339.5 | ||
| 082 | |b S968 | ||
| 100 | |a Suzuki, Yoshio | ||
| 245 | 0 | |a Toward a world of economic stability : | |
| 245 | 0 | |b Optimal monetary framework and policy | |
| 245 | 0 | |c Yoshio Suzuki | |
| 260 | |a Tokyo | ||
| 260 | |b University of Tokyo Press | ||
| 260 | |c 1987 | ||
| 650 | |a Economic stabilization,Monetary policy | ||
| 904 | |i Trọng Hải | ||
| 980 | |a Trung tâm Học liệu Trường Đại học Cần Thơ | ||